| 000 | 00520nam a2200181Ia 4500 | ||
|---|---|---|---|
| 003 | GCL | ||
| 008 | 140319s9999 xx 000 0 ara d | ||
| 040 |
_aGCL / _cGCL |
||
| 082 | 0 | 4 |
_a229 _bج ق |
| 100 | 1 | _aجابر الشال | |
| 245 | 1 | 0 |
_aقصص النساء فى القران الكريم / _cجابر الشال |
| 260 |
_a[S.N] : _bمكتبة التراث الاسلامى ، _c1987 |
||
| 300 | _a166 ص | ||
| 490 | _a | ||
| 650 | 0 | 4 | _aالمرأة |
| 650 | 0 | 4 | _aالقصص القرآنية |
| 942 |
_2ddc _cBK |
||
| 999 |
_c47464 _d47464 |
||